000 00438nam a2200193Ia 4500
005 20240823033946.0
008 240823s9999||||xx |||||||||||||| ||und||
020 _a978-81-8264-606-3
041 _aMALAYALAM
082 _A796 P8
100 _aJohn Samuel
245 0 _aAthens Muthal Athens Vare
250 _a1st
260 _c2008
_bMathruboomi
500 _aYES
650 _aSports
_bGeneral
942 _cBK
999 _c197071
_d197071